000 01189cam a2200289 a 4500
999 _c234323
_d234323
001 1164631
003 Nust
005 20170317134009.0
008 961010s1996 njua b 001 0 eng
010 _a 96045255
020 _a0815514093
040 _aDLC
_cASAB
_dDLC
050 0 0 _aTD755
_b.C547 1996
082 0 0 _a628.3
_221
100 1 _aCheremisinoff, Nicholas P.
245 1 0 _aBiotechnology for waste and wastewater treatment /
_cby Nicholas P. Cheremisinoff.
260 _aWestwood, N.J. :
_bNoyes Publications,
_c1996.
300 _axiv, 231 p. :
_bill. ;
_c24 cm.
504 _aIncludes bibliographical references and index.
650 0 _aSewage
_xPurification
_xBiological treatment.
650 0 _aWater
_xPurification
_xBiological treatment.
856 4 2 _3Publisher description
_uhttp://www.loc.gov/catdir/description/wap041/96045255.html
856 4 1 _3Table of contents
_uhttp://www.loc.gov/catdir/toc/wap041/96045255.html
906 _a7
_bcbc
_corignew
_d1
_eocip
_f19
_gy-gencatlg
942 _2ddc
_cBK